Loading...
| Science - Other | 0 | 6 | 1 | 0 | 55 | 23 | 41.50 | 3 | 5 | 34.37 | 48.97 |
| Philosophy | 0 | 4 | 0 | 0 | 40 | 27 | 56.75 | 3 | 4 | 17.87 | 35.61 |
| Social Science | 0 | 3 | 1 | 0 | 25 | 71 | 79.33 | 0 | 1 | 8.80 | 16.67 |
| History - Other | 0 | 2 | 0 | 0 | 20 | 75 | 84.50 | 0 | 0 | 6.56 | 12.12 |
| Science - Chemistry | 0 | 2 | 0 | 0 | 20 | 41 | 47.50 | 1 | 2 | 10.07 | 17.42 |
| Science - Biology | 0 | 2 | 0 | 0 | 20 | 67 | 68.00 | 2 | 2 | 8.08 | 18.18 |
| Religion | 0 | 1 | 0 | 0 | 10 | 95 | 95.00 | 1 | 1 | 1.17 | 6.82 |
| Literature - European | 0 | 1 | 0 | 0 | 10 | 61 | 61.00 | 0 | 1 | 5.04 | 8.26 |
| Fine Arts - Other | 0 | 1 | 0 | 0 | 10 | 116 | 116.00 | 1 | 1 | 0.30 | 9.09 |
| Geography | 0 | 1 | 0 | 0 | 10 | 111 | 111.00 | 0 | 0 | 5.09 | 15.15 |
| History - World | 0 | 1 | 0 | 0 | 10 | 116 | 116.00 | 0 | 0 | 1.39 | 3.31 |
| Literature - British | 0 | 1 | 0 | 0 | 10 | 66 | 66.00 | 1 | 1 | 4.84 | 9.09 |
| Fine Arts - Classical Music | 0 | 1 | 0 | 0 | 10 | 74 | 74.00 | 0 | 0 | 3.08 | 6.82 |
| Literature - World | 0 | 1 | 1 | 0 | 5 | 59 | 59.00 | 1 | 1 | 5.34 | 9.09 |
| Other Academic | 0 | 0 | 1 | 0 | -5 | 0.00 | 0 | 0 | 0.00 | 0.00 | |
| Literature - American | 0 | 0 | 1 | 0 | -5 | 0.00 | 0 | 0 | 0.00 | 0.00 | |
| History - European | 0 | 0 | 1 | 0 | -5 | 0.00 | 0 | 0 | 0.00 | 0.00 |